Geomorfología aplicada /

Guardado en:
Autor Principal: Calmels, Augusto P.
Otros Autores: González Uriarte, Magdalena.
Formato: Libro
Idioma:Spanish
Publicado: Bahía Blanca : Universidad nacional del Sur, 1973.
Etiquetas: Agregar Etiqueta
Sin Etiquetas, Sea el primero en etiquetar este registro!
LEADER 00501nam a22001455a 4500
001 EUN.um056456
008 041125s1973####ag############000#0#spa#d
005 20080303151550.0
245 1 0 |a Geomorfología aplicada /  |c Augusto P. Calmels, Magdalena González Uriarte. 
260 |a Bahía Blanca :  |b Universidad nacional del Sur,  |c 1973. 
300 |a 198 p. 
100 1 |a Calmels, Augusto P. 
700 1 |a González Uriarte, Magdalena. 
082 0 4 |a 551.4 
859 |a Ar-BaUNS  |b BIB. CENTRAL - Sector C  |h 551.4  |i C136-8  |k F  |p 67482/973